000 00573nam a22001577a 4500
999 _c512503
_d512503
020 _a9789382059738
082 _aT3942 B299
245 _aTrade regionalism in the Asia- pacific:
_bdevelopments and future challenges
_cedited by Sachita Basu Das and Masahiro Kawai
260 _aNew Delhi
_bSynergy Books
_c2018
300 _axxii, 359p.
650 _aFree trade -- Asia.
_914061
650 _aFree trade -- Pacific Area.
_914062
650 _aForeign trade regulation -- Asia.
_914063
700 _aDas, Sanchita Basu, ed.
_913879
700 _aKawaim Masahiro, ed.
_913880